000 01214nam a2200325Ia 4500
001 ebr10255761
003 CaPaEBR
006 m u
007 cr cn|||||||||
008 071228s2008 si a s 001 0 eng d
020 _z9789812771858 (hbk.)
020 _z9812771859 (hbk.)
020 _z9789812771865 (pbk.)
020 _z9812771867 (pbk.)
040 _aCaPaEBR
_cCaPaEBR
035 _a(OCoLC)646768695
050 1 4 _aQB982
_b.L35 2008eb
100 1 _aLam, Harry C. S.
245 1 4 _aThe Zen in modern cosmology
_h[electronic resource] /
_cChi-Sing Lam.
260 _aSingapore ;
_aHackensack, N.J. :
_bWorld Scientific,
_cc2008.
300 _axii, 234 p. :
_bill. (chiefly col.)
500 _aIncludes index.
533 _aElectronic reproduction.
_bPalo Alto, Calif. :
_cebrary,
_d2009.
_nAvailable via World Wide Web.
_nAccess may be limited to ebrary affiliated libraries.
650 0 _aCosmology
_vPopular works.
650 0 _aZen Buddhism.
650 0 _aZen Buddhism and science.
655 7 _aElectronic books.
_2local
710 2 _aebrary, Inc.
856 4 0 _uhttp://site.ebrary.com/lib/rucke/Doc?id=10255761
_zAn electronic book accessible through the World Wide Web; click to view
999 _c14987
_d14987